00346pab a2200133 454500008004000000100001800040245007200058260000900130300001300139362001000152650001800162650001700180773001500197180718b2008 xxu||||| |||| 00| 0 eng d aDogra, Bharat aHow Gandhi's ideas can help to combat globalisation related threats c2008 ap.11-12. a4 Oct aGlobalization aGandhi, M.K. aMainstream